ČSN 14 0645 Bezpečnostní předpisy pro chladicí zařízení

Podrobná bibliografia
Médium: Kniha
Jazyk:neznámy jazyk
Fyzický popis:15 s.
Vydavateľské údaje: Praha ÚNM 1959

MARC

LEADER 00000nam a2200000 a 4500
001 vtls001401810
003 SK-MaSNL
005 20260223131451.0
008 001201s1959 xx 0 und
035 |a SNK000356326 
040 |a SNK  |b slo  |c SNK  |e AACR2 
245 1 |a ČSN 14 0645 Bezpečnostní předpisy pro chladicí zařízení 
260 |a Praha  |b ÚNM  |c 1959 
300 |a 15 s. 
999 |c 552623  |d 554553 
952 |t P60, <04>, [BOOK], {604}  |a SNK  |b SNK  |y VYP  |7 0  |p 17A0259417  |o snkČSN 14 0645  |0 0  |1 0  |4 0  |d 2000-12-01  |l 0  |r 2005-01-02 00:00:00  |w 2026-02-23